| 000 | 01038nam a2200277Ia 4500 | ||
|---|---|---|---|
| 999 |
_c53536 _d53536 |
||
| 001 | 20582 | ||
| 003 | GE_BSU | ||
| 005 | 20210224164845.0 | ||
| 008 | 181216s2013||||ge |||||||||||||| ||geo|| | ||
| 020 | _a9789939831115 | ||
| 040 | _cGE_BSU | ||
| 041 | _ageo | ||
| 080 | _a373:087 I-87 | ||
| 245 |
_aIt's a joke but a serious one : _bText book middle school students / _cR. Alaverdyan, S. Hovhannisyan and others ; English translation M. Mikayelyan, E. Herosian. |
||
| 264 |
_aYerevan : _c2013. |
||
| 300 |
_a59 p. ; _c26 cm. |
||
| 541 | _h29l. 50T. | ||
| 653 | _aIt's a joke but a serious one | ||
| 653 | _aText book middle school students | ||
| 700 |
_aAlaverdyan, R. _eBy _910226 |
||
| 700 |
_aHovhannisyan, S. _eBy _910227 |
||
| 700 |
_aMikayelyan, M. _eEnglish translation _910228 |
||
| 700 |
_aHerosian, E. _eEnglish translation _910218 |
||
| 710 |
_aMinistry of emergency situation of republic of Armenia crisis management state Academy _910229 |
||
| 942 |
_cBK _2udc |
||